[Event "Tata Steel Chess India 2024 - Blitz"]
[Site "Kolkata"]
[Date "16.11.2024"]
[Round "8B"]
[White "Abdusattorov, Nodirbek"]
[Black "Keymer, Vincent"]
[Result "1-0"]
[WhiteTitle "GM"]
[BlackTitle "GM"]
[WhiteElo "2777"]
[BlackElo "2733"]
[WhiteFideId "14204118"]
[BlackFideId "12940690"]
[EventDate "2024.11.16"]

1. c4 Nf6 2. Nc3 e5 3. Nf3 Nc6 4. g3 Bb4 5. Bg2 O-O 6. Nd5 e4 7. Nh4 d6 8. O-O
g5 9. d4 h6 10. h3 Ba5 11. g4 gxh4 12. Bxh6 Nxd5 13. cxd5 Ne7 14. Bxf8 Qxf8 15.
e3 Nxd5 16. Bxe4 Ne7 17. f4 d5 18. Bd3 c6 19. Qf3 Qg7 20. Kh1 Bd7 21. Qf2 Re8
22. Qxh4 Nc8 23. Rf3 Nd6 24. Rg1 Qh8 25. Qxh8+ Kxh8 26. Kg2 f5 27. Kf2 Kg7 28.
gxf5+ Kf7 29. Rg5 Rh8 30. Rfg3 Ne8 31. Be2 Bd8 32. Rh5 Rg8 33. Rh7+ Rg7 34. Bh5+
Kf8 35. Rh8+ Ke7 36. Rxe8+ 1-0

[Event "Tata Steel Chess India 2024 - Blitz"]
[Site "Kolkata"]
[Date "16.11.2024"]
[Round "9B"]
[White "Nihal, Sarin"]
[Black "Abdusattorov, Nodirbek"]
[Result "1/2-1/2"]
[WhiteTitle "GM"]
[BlackTitle "GM"]
[WhiteElo "2676"]
[BlackElo "2777"]
[WhiteFideId "25092340"]
[BlackFideId "14204118"]
[EventDate "2024.11.16"]

1. e4 e5 2. Nf3 Nc6 3. Bb5 Nf6 4. d3 Bc5 5. Bg5 h6 6. Bh4 Ne7 7. Nc3 c6 8. Ba4
Ng6 9. Bg3 d6 10. h3 O-O 11. Bb3 a5 12. a4 Be6 13. Nd2 d5 14. exd5 cxd5 15. O-O
Re8 16. Nb5 Bd7 17. Re1 Bxb5 18. axb5 Qb6 19. c3 e4 20. dxe4 dxe4 21. Qc2 e3 22.
fxe3 Bxe3+ 23. Kh1 Nh5 24. Bxf7+ Kxf7 25. Qf5+ Kg8 26. Qxh5 Bxd2 27. Qd5+ Kh7
28. Qxd2 Qxb5 29. Kh2 a4 30. Qc2 Rxe1 31. Rxe1 Qc6 32. Re7 Re8 33. Rc7 Qd5 34.
c4 Qe4 35. Qxe4 Rxe4 36. Bd6 Re2 37. Rxb7 Nh4 38. Kg1 Rxg2+ 39. Kf1 Rc2 40. c5
Nf5 41. Ke1 Kg6 42. Rb4 Kh5 43. Rxa4 Rxb2 44. Rc4 Nxd6 45. cxd6 Rb7 46. Rc7 Rb6
47. d7 Rd6 48. Kf2 Kg5 49. Ke3 Kf5 50. d8=Q Rxd8 51. Rxg7 Ra8 52. Kf2 Ra3 53.
Rg3 Ra2+ 54. Kg1 h5 55. h4 Kf4 56. Rg5 Ra4 57. Rxh5 Kg3 58. Rg5+ Kxh4 59. Rg2
Rg4 60. Rxg4+ Kxg4 1/2-1/2

[Event "Tata Steel Chess India 2024 - Blitz"]
[Site "Kolkata"]
[Date "16.11.2024"]
[Round "9B"]
[White "Keymer, Vincent"]
[Black "Narayanan, S.L."]
[Result "0-1"]
[WhiteTitle "GM"]
[BlackTitle "GM"]
[WhiteElo "2733"]
[BlackElo "2647"]
[WhiteFideId "12940690"]
[BlackFideId "5058422"]
[EventDate "2024.11.16"]

1. c4 c5 2. g3 g6 3. Bg2 Bg7 4. Nc3 Nc6 5. d3 d6 6. a3 Nf6 7. Rb1 a5 8. e3 Bf5
9. h3 O-O 10. Nge2 Qc8 11. e4 Bd7 12. Be3 Ne8 13. Nd5 Qd8 14. O-O e6 15. Ndc3
Nc7 16. d4 cxd4 17. Nxd4 Nxd4 18. Bxd4 e5 19. Bb6 Bc6 20. c5 Ra6 21. b4 axb4 22.
axb4 Rxb6 23. cxb6 Ne6 24. b5 Be8 25. Nd5 Nd4 26. Qd3 f5 27. f4 Bf7 28. Nc7 fxe4
29. Bxe4 d5 30. fxe5 dxe4 31. Qxe4 Qg5 32. Rb2 Qxg3+ 33. Rg2 Qxe5 34. Qxb7 Ne2+
35. Kh1 Ng3+ 36. Rxg3 Qxg3 37. Qg2 Qd6 38. Qc6 Qd3 39. Qg2 Be5 40. Kg1 Bd4+ 41.
Kh1 Bxb6 0-1

[Event "Tata Steel Chess India 2024 - Blitz"]
[Site "Kolkata"]
[Date "16.11.2024"]
[Round "9B"]
[White "Erigaisi, Arjun"]
[Black "Praggnanandhaa, Rameshbabu"]
[Result "0-1"]
[WhiteTitle "GM"]
[BlackTitle "GM"]
[WhiteElo "2799"]
[BlackElo "2737"]
[WhiteFideId "35009192"]
[BlackFideId "25059530"]
[EventDate "2024.11.16"]

1. d4 Nf6 2. c4 e6 3. Nc3 Bb4 4. Nf3 b6 5. Bg5 Bb7 6. Nd2 h6 7. Bh4 Bxc3 8. bxc3
d6 9. e4 g5 10. Bg3 Nxe4 11. Nxe4 Bxe4 12. h4 Nd7 13. Qd2 g4 14. h5 Qg5 15. Bf4
Qf6 16. a4 a5 17. Qe3 Bb7 18. Be2 O-O-O 19. Bxg4 Bxg2 20. Rg1 Bb7 21. O-O-O Kb8
22. f3 Bc6 23. Rd2 Rde8 24. Bg3 Rhg8 25. Rb2 Ka7 26. Kd2 e5 27. d5 Bxa4 28. Bf2
Nc5 29. Qe2 Rb8 30. Rgb1 Rb7 31. Ra2 Be8 32. Be3 Qe7 33. Bf5 Bd7 34. Bc2 f5 35.
Kc1 f4 36. Bf2 Qf6 37. Rba1 Bf5 38. Bxc5 dxc5 39. Ba4 Rg1+ 40. Kd2 Rg3 41. Bc6
Qg5 42. Qxe5 Rg2+ 43. Kc1 Rxa2 44. Rxa2 Qg1+ 45. Kd2 Qf2+ 46. Qe2 Qxe2+ 0-1

[Event "Tata Steel Chess India 2024 - Blitz"]
[Site "Kolkata"]
[Date "16.11.2024"]
[Round "9B"]
[White "Vidit, Santosh Gujrathi"]
[Black "Carlsen, Magnus"]
[Result "1/2-1/2"]
[WhiteTitle "GM"]
[BlackTitle "GM"]
[WhiteElo "2739"]
[BlackElo "2831"]
[WhiteFideId "5029465"]
[BlackFideId "1503014"]
[EventDate "2024.11.16"]

1. d4 Nf6 2. c4 e6 3. Nf3 d5 4. g3 Be7 5. Bg2 O-O 6. O-O a5 7. Qc2 a4 8. a3 Nc6
9. cxd5 exd5 10. Nc3 Bd7 11. Rd1 Qc8 12. Nh4 Re8 13. Bg5 h6 14. Bxf6 Bxf6 15.
Nxd5 Bxh4 16. gxh4 Bf5 17. e4 Bh3 18. f3 Bxg2 19. Qxg2 Kh8 20. Kh1 Qd7 21. Rg1
f5 22. Rad1 fxe4 23. fxe4 Rf8 24. Qg3 Rf7 25. Nf4 Kg8 26. d5 Ne5 27. Ne6 Nc4 28.
Qc3 b5 29. Nxg7 Kh7 30. Ne6 Qe7 31. Qg3 Qf6 32. h5 Ne5 33. Rd2 Qf3+ 34. Rdg2
Qxe4 35. Re1 Qxd5 36. Nf4 Qf3 37. Rxe5 Qxf4 38. Qxf4 Rxf4 39. Re7+ Kh8 40. Rxc7
Rf1+ 41. Rg1 Rxg1+ 42. Kxg1 Rd8 43. Rc2 Rd3 44. Kg2 Rb3 45. h4 Kg7 46. Rf2 b4
47. axb4 Rxb4 48. Kh3 1/2-1/2

[Event "Tata Steel Chess India 2024 - Blitz"]
[Site "Kolkata"]
[Date "17.11.2024"]
[Round "10B"]
[White "Narayanan, S.L."]
[Black "Carlsen, Magnus"]
[Result "0-1"]
[WhiteTitle "GM"]
[BlackTitle "GM"]
[WhiteElo "2647"]
[BlackElo "2831"]
[WhiteFideId "5058422"]
[BlackFideId "1503014"]
[EventDate "2024.11.16"]

1. e4 e5 2. Nf3 Nc6 3. Nc3 Nf6 4. d4 exd4 5. Nxd4 Bb4 6. Nxc6 bxc6 7. Bd3 d6 8.
O-O h6 9. Bd2 O-O 10. a3 Ba5 11. b4 Bb6 12. Na4 Re8 13. Nxb6 axb6 14. Re1 Ng4
15. h3 Ne5 16. f4 Nxd3 17. cxd3 c5 18. Bc3 d5 19. bxc5 bxc5 20. exd5 Rxe1+ 21.
Qxe1 Bb7 22. Qg3 f6 23. a4 Kh7 24. a5 Qxd5 25. Re1 Qd6 26. Kh2 Rd8 27. Re3 Ba6
28. f5 Bxd3 29. Qxd6 Rxd6 30. g4 Rd7 31. Kg3 Kg8 32. Kf4 Kf7 33. h4 Rd5 34. h5
Bb5 35. Kf3 Rd1 36. Re1 Rd8 37. Re6 Bc4 38. Re3 Rb8 39. Be1 Rb1 40. Bg3 Bd5+ 41.
Kf2 Rb4 42. Bxc7 Rxg4 43. Bd6 Rg5 44. a6 Rxf5+ 45. Ke1 Rxh5 46. Re7+ Kg6 47.
Bxc5 Bc6 48. Rc7 Rxc5 0-1

[Event "Tata Steel Chess India 2024 - Blitz"]
[Site "Kolkata"]
[Date "17.11.2024"]
[Round "10B"]
[White "Vidit, Santosh Gujrathi"]
[Black "Praggnanandhaa, Rameshbabu"]
[Result "0-1"]
[WhiteTitle "GM"]
[BlackTitle "GM"]
[WhiteElo "2739"]
[BlackElo "2737"]
[WhiteFideId "5029465"]
[BlackFideId "25059530"]
[EventDate "2024.11.16"]

1. d4 Nf6 2. c4 e6 3. Nf3 Bb4+ 4. Bd2 Qe7 5. g3 Bxd2+ 6. Qxd2 Nc6 7. b3 d5 8.
Bg2 O-O 9. O-O dxc4 10. bxc4 e5 11. d5 Nb8 12. Qc3 Re8 13. Nbd2 Na6 14. Nb3 Bd7
15. Nfd2 Rac8 16. Rac1 c6 17. Qe3 b6 18. Ne4 Ng4 19. Qd2 f5 20. dxc6 Bxc6 21.
Nd6 Rcd8 22. Nxf5 Qf6 23. Qc2 Bxg2 24. Kxg2 e4 25. Ne3 Nxe3+ 26. fxe3 Qg5 27.
Rf4 Nb4 28. Qb2 Nc6 29. Nd4 Qe5 30. Rf5 Qc7 31. Nb5 Qe7 32. Nc3 Qe6 33. Rf4 Qxc4
34. Kg1 Qb4 35. Qc2 Qc5 36. Rxe4 Ne5 37. Qb3+ Kh8 38. Rf1 h6 39. a4 Nd7 40. Rf3
Nf6 41. Rxe8+ Rxe8 42. Nd1 Qc1 43. Kg2 Qd2 44. Qd3 Qb4 45. Qb5 Qe1 46. Rxf6 Rd8
47. Rf1 Qd2 48. Nf2 Qxe3 49. Rd1 Rf8 50. Nd3 Qxe2+ 0-1

[Event "Tata Steel Chess India 2024 - Blitz"]
[Site "Kolkata"]
[Date "17.11.2024"]
[Round "10B"]
[White "Erigaisi, Arjun"]
[Black "So, Wesley"]
[Result "1/2-1/2"]
[WhiteTitle "GM"]
[BlackTitle "GM"]
[WhiteElo "2799"]
[BlackElo "2747"]
[WhiteFideId "35009192"]
[BlackFideId "5202213"]
[EventDate "2024.11.16"]

1. d4 d5 2. c4 c5 3. cxd5 Nf6 4. Nc3 Nxd5 5. e4 Nxc3 6. bxc3 cxd4 7. cxd4 e5 8.
d5 Bd6 9. Bd3 O-O 10. Ne2 f5 11. exf5 Bb4+ 12. Bd2 Bxd2+ 13. Qxd2 Qxd5 14. Qc2
Qa5+ 15. Kf1 Nc6 16. g4 Kh8 17. Be4 Bd7 18. Rd1 Nb4 19. Qd2 Rad8 20. Rb1 Nc6 21.
Qxa5 Nxa5 22. Kg2 g6 23. Ng3 gxf5 24. Nxf5 b6 25. Rhd1 Be6 26. Rbc1 Nc4 27. Kg3
b5 28. Bc2 a5 29. h4 Na3 30. Be4 b4 31. Rxd8 Rxd8 32. Rc5 Nc4 33. Bc2 Rc8 34.
Rb5 Na3 35. Rxe5 Bxa2 36. Be4 a4 37. Nd6 Rd8 38. Nb7 Rb8 39. Nc5 b3 40. Nxa4 b2
41. Nxb2 Rxb2 42. Re8+ Kg7 43. Re7+ Kf6 44. Rxh7 Ke5 45. f3 Bb1 46. Rh5+ Kd6 47.
Rh6+ Ke7 48. Bxb1 Nxb1 49. h5 Nd2 50. Rh7+ Kf6 51. Rh6+ Kg7 52. g5 Rb3 53. Rg6+
Kh7 54. Rh6+ Kg7 55. Rg6+ Kh7 56. Kg4 Nxf3 57. Re6 Nxg5 58. Kxg5 Rb5+ 1/2-1/2

[Event "Tata Steel Chess India 2024 - Blitz"]
[Site "Kolkata"]
[Date "17.11.2024"]
[Round "10B"]
[White "Dubov, Daniil"]
[Black "Abdusattorov, Nodirbek"]
[Result "1-0"]
[WhiteTitle "GM"]
[BlackTitle "GM"]
[WhiteElo "2693"]
[BlackElo "2777"]
[WhiteFideId "24126055"]
[BlackFideId "14204118"]
[EventDate "2024.11.16"]

1. d4 d5 2. Nf3 Nf6 3. c4 dxc4 4. e3 b5 5. a4 c6 6. axb5 cxb5 7. b3 e6 8. bxc4
bxc4 9. Bxc4 Bd6 10. O-O O-O 11. Nbd2 Nc6 12. Ba3 Nb4 13. Be2 a5 14. Nc4 Be7 15.
Nfe5 Bb7 16. Bf3 Nfd5 17. Qd2 Rc8 18. Rfc1 Ba6 19. Be2 Bb7 20. h3 Nf6 21. Bf3
Bxf3 22. Nxf3 Qd5 23. Qe2 Qb5 24. Kf1 Ne4 25. Ncd2 Nxd2+ 26. Nxd2 Rxc1+ 27. Rxc1
Qa4 28. Bxb4 Bxb4 29. Qc4 h6 30. Nf3 Qa3 31. g3 Bd6 32. Kg2 a4 33. Qc6 Qb2 34.
Rc2 Qb3 35. Nd2 Qd3 36. Qxa4 Rb8 37. Qc4 Qa3 38. Nf3 Rd8 39. Ra2 Qb4 40. Qxb4
Bxb4 41. Ra7 Bd6 42. Rb7 g6 43. Nd2 Kg7 44. Nc4 Kf6 45. f4 g5 46. Kf3 gxf4 47.
gxf4 Kg7 48. e4 Bb8 49. Ke3 Bd6 50. e5 Bf8 51. Ke4 Ra8 52. Ne3 Ra1 53. f5 exf5+
54. Nxf5+ Kg6 55. Rb6+ Kg5 56. h4+ Kg4 57. Nxh6+ Kxh4 58. Nxf7 Rd1 59. Nd6 Kg4
60. Rb8 Bh6 61. Rg8+ Kh5 62. Nf5 Bg5 63. Kd5 Ra1 64. Ng3+ Kh6 65. Nf5+ Kh5 66.
Ke6 Ra6+ 67. Nd6 Be3 68. d5 Ra5 69. Nf5 Bf4 70. Rg2 Bxe5 71. Ng7+ Bxg7 72. Rxg7
Kh6 73. Rg1 Ra2 74. d6 Re2+ 75. Kd7 1-0

[Event "Tata Steel Chess India 2024 - Blitz"]
[Site "Kolkata"]
[Date "17.11.2024"]
[Round "10B"]
[White "Nihal, Sarin"]
[Black "Keymer, Vincent"]
[Result "1-0"]
[WhiteTitle "GM"]
[BlackTitle "GM"]
[WhiteElo "2676"]
[BlackElo "2733"]
[WhiteFideId "25092340"]
[BlackFideId "12940690"]
[EventDate "2024.11.16"]

1. c4 e6 2. Nc3 Bb4 3. Qc2 Nf6 4. Nf3 O-O 5. d4 d6 6. Bd2 b6 7. g3 Bb7 8. Bg2
Nbd7 9. O-O h6 10. Rfd1 Qe7 11. Rac1 Rfe8 12. Ne1 Bxg2 13. Nxg2 d5 14. cxd5 exd5
15. Nb5 Bxd2 16. Qxd2 Qxe2 17. Nxc7 Qxd2 18. Rxd2 Rac8 19. Ne3 Nf8 20. Kg2 Red8
21. Rdc2 Kh8 22. Nb5 Rxc2 23. Rxc2 a6 24. Nc7 a5 25. a4 Rc8 26. Kf3 Ne6 27. Nxe6
Rxc2 28. Nxc2 fxe6 29. Kf4 Kg8 30. Ke5 Kf7 31. Kd6 Ne4+ 32. Kc6 Nxf2 33. Kxb6
Nd3 34. Kxa5 Nxb2 35. Kb5 Ke7 36. a5 Kd7 37. a6 Kc7 38. Nb4 Nc4 39. Nd3 Nd6+ 40.
Kb4 Nf5 41. Kc5 Nd6 42. Nf4 Ne4+ 43. Kb5 Nd6+ 44. Kb4 Kb6 45. Nxe6 Nf5 46. a7
Kxa7 47. Kc5 g5 48. g4 Ne3 49. h3 Kb7 50. Ng7 Ng2 51. Nf5 Nf4 52. Nxh6 Kc7 53.
Nf7 Nxh3 54. Kxd5 Kd7 55. Ke5 Ke7 56. Nd6 Nf2 57. Nf5+ Kd7 58. Ne3 Kc6 59. Ke6
Kc7 60. d5 Kd8 61. Kf5 Ke7 62. Kxg5 Kd6 63. Kf5 Nd3 64. g5 Nc5 65. g6 Ke7 66.
d6+ Kf8 67. Nc4 Kg7 68. Ne5 Nb7 69. Ke6 Nc5+ 70. Ke7 1-0

[Event "Tata Steel Chess India 2024 - Blitz"]
[Site "Kolkata"]
[Date "17.11.2024"]
[Round "11B"]
[White "So, Wesley"]
[Black "Vidit, Santosh Gujrathi"]
[Result "1-0"]
[WhiteTitle "GM"]
[BlackTitle "GM"]
[WhiteElo "2747"]
[BlackElo "2739"]
[WhiteFideId "5202213"]
[BlackFideId "5029465"]
[EventDate "2024.11.16"]

1. e4 e5 2. Nf3 Nc6 3. Bc4 Bc5 4. d3 Nf6 5. Bg5 h6 6. Bh4 d6 7. c3 a6 8. Nbd2
Ba7 9. a4 g5 10. Bg3 O-O 11. h3 Nh5 12. Bh2 Qf6 13. Qe2 Kg7 14. g4 Nf4 15. Bxf4
exf4 16. d4 Re8 17. Bd3 Ne7 18. h4 Ng6 19. hxg5 hxg5 20. O-O-O Qe7 21. e5 Bxg4
22. Rdg1 Qd7 23. Ne4 dxe5 24. Rh7+ Kf8 25. Nf6 Qxa4 26. Rxg4 exd4 27. Nxe8 Rxe8
28. Qc2 Qc6 29. Bxg6 Qxf3 30. Rh8+ Kg7 31. Rxe8 Qxg4 32. Bf5 Qg1+ 33. Qd1 Qxf2
34. Qh1 Kf6 35. Bd3 Qh4 36. Qxh4 gxh4 37. c4 Bc5 38. Kd1 f3 39. Ke1 Kg5 40. Kf2
Bd6 41. Kxf3 b6 42. Rg8+ Kf6 43. Rg4 h3 44. Rxd4 h2 45. Rh4 a5 46. b3 Ke7 47.
Be4 Be5 48. Bd5 f6 49. Ke4 Kd6 50. Kd3 Kc5 51. Bf3 Kb4 52. Kc2 Bd6 53. c5+ Kxc5
54. Rc4+ Kb5 55. Be2 Ka6 56. Rxc7+ b5 57. Rh7 Kb6 58. Rh5 Be5 59. Rh8 a4 60.
bxa4 bxa4 61. Rh4 a3 62. Kb3 Bd6 63. Bf3 Kc7 64. Rh7+ 1-0

[Event "Tata Steel Chess India 2024 - Blitz"]
[Site "Kolkata"]
[Date "17.11.2024"]
[Round "11B"]
[White "Praggnanandhaa, Rameshbabu"]
[Black "Carlsen, Magnus"]
[Result "1/2-1/2"]
[WhiteTitle "GM"]
[BlackTitle "GM"]
[WhiteElo "2737"]
[BlackElo "2831"]
[WhiteFideId "25059530"]
[BlackFideId "1503014"]
[EventDate "2024.11.16"]

1. e4 e5 2. Nf3 Nc6 3. Bc4 Bc5 4. d3 Nf6 5. c3 h6 6. O-O d6 7. Nbd2 a6 8. Bb3
O-O 9. h3 Re8 10. Re1 Be6 11. Bc2 d5 12. exd5 Bxd5 13. b4 Bf8 14. a3 b5 15. Bb2
a5 16. a4 axb4 17. axb5 bxc3 18. Bxc3 Nd4 19. Nxd4 exd4 20. Rxe8 Nxe8 21. Bxd4
Rxa1 22. Bxa1 Nd6 23. Bb3 Qg5 24. Bxd5 Qxd5 25. Qb3 Qxb3 26. Nxb3 Nxb5 27. Kf1
f6 28. Ke2 Kf7 29. g4 c5 30. Ke3 Ke6 31. Bb2 Kd5 32. Nd2 Nd6 33. Bc3 f5 34. Kf3
g6 35. Nf1 fxg4+ 36. hxg4 Be7 37. Ne3+ Ke6 38. d4 Bf6 39. dxc5 1/2-1/2

[Event "Tata Steel Chess India 2024 - Blitz"]
[Site "Kolkata"]
[Date "17.11.2024"]
[Round "11B"]
[White "Nihal, Sarin"]
[Black "Narayanan, S.L."]
[Result "0-1"]
[WhiteTitle "GM"]
[BlackTitle "GM"]
[WhiteElo "2676"]
[BlackElo "2647"]
[WhiteFideId "25092340"]
[BlackFideId "5058422"]
[EventDate "2024.11.16"]

1. d4 Nf6 2. c4 e6 3. Nf3 d5 4. Nc3 Bb4 5. e3 O-O 6. Bd2 Nbd7 7. Rc1 c6 8. Be2
Bd6 9. O-O dxc4 10. Bxc4 e5 11. h3 Qe7 12. Qc2 Bc7 13. Bb3 a5 14. a3 h6 15. Nh4
Rd8 16. Nf5 Qf8 17. Rce1 Nb6 18. Ne2 Bxf5 19. Qxf5 Qd6 20. f4 e4 21. Ng3 Re8 22.
Nh5 Nbd7 23. Qg6 Qf8 24. Nxf6+ Nxf6 25. Qg3 a4 26. Ba2 Ba5 27. Rd1 Bxd2 28. Rxd2
Qd6 29. Rc2 Ra5 30. Qe1 Rea8 31. Qe2 Nd5 32. Rfc1 Qd8 33. Rc5 Rxc5 34. Rxc5 Ra5
35. Bxd5 cxd5 36. Qc2 Rxc5 37. Qxc5 Qd7 38. Kf2 h5 39. Qb6 Kh7 40. Qc5 h4 41.
Qb6 Qc8 42. Qc5 Qxc5 43. dxc5 Kg6 44. Ke2 Kf6 45. Kd2 Ke6 46. Kc3 Kd7 47. b4
axb3 48. Kxb3 Kc6 49. Kb4 g6 50. a4 f6 51. Kb3 Kxc5 0-1

[Event "Tata Steel Chess India 2024 - Blitz"]
[Site "Kolkata"]
[Date "17.11.2024"]
[Round "11B"]
[White "Keymer, Vincent"]
[Black "Dubov, Daniil"]
[Result "1/2-1/2"]
[WhiteTitle "GM"]
[BlackTitle "GM"]
[WhiteElo "2733"]
[BlackElo "2693"]
[WhiteFideId "12940690"]
[BlackFideId "24126055"]
[EventDate "2024.11.16"]

1. c4 g6 2. g3 Bg7 3. Bg2 Nf6 4. Nc3 O-O 5. d4 d6 6. Nf3 a5 7. O-O Bf5 8. Ne1
Nc6 9. e4 Bd7 10. Nc2 e5 11. d5 Nb4 12. Ne1 Na6 13. h3 Nc5 14. Nd3 b6 15. Nxc5
bxc5 16. b3 Ne8 17. Bb2 f5 18. exf5 gxf5 19. f4 exf4 20. gxf4 Bd4+ 21. Kh2 Qf6
22. Qd2 Ng7 23. Nd1 Rfe8 24. Bxd4 cxd4 25. Nf2 Re3 26. Rae1 Rae8 27. Nd1 R3e4
28. Nf2 Re3 29. Nd1 R3e4 30. Nf2 Re3 31. Nd1 R3e4 1/2-1/2

[Event "Tata Steel Chess India 2024 - Blitz"]
[Site "Kolkata"]
[Date "17.11.2024"]
[Round "11B"]
[White "Abdusattorov, Nodirbek"]
[Black "Erigaisi, Arjun"]
[Result "0-1"]
[WhiteTitle "GM"]
[BlackTitle "GM"]
[WhiteElo "2777"]
[BlackElo "2799"]
[WhiteFideId "14204118"]
[BlackFideId "35009192"]
[EventDate "2024.11.16"]

1. d4 Nf6 2. Nf3 b6 3. Bf4 Bb7 4. e3 e6 5. h3 Be7 6. Be2 O-O 7. O-O c5 8. c3 d6
9. Nbd2 Nbd7 10. Re1 Qc7 11. Bh2 Rfe8 12. Bd3 a6 13. a4 Bc6 14. e4 cxd4 15. cxd4
Qb7 16. Qb1 h6 17. b4 b5 18. Nb3 bxa4 19. Na5 Qb6 20. Nxc6 Qxc6 21. Rc1 Qb6 22.
Rxa4 d5 23. e5 Ne4 24. Bf4 Rec8 25. Rxc8+ Rxc8 26. Rxa6 Qxb4 27. Bxe4 dxe4 28.
Qxe4 Nc5 29. Qc2 Qb7 30. Ra2 Ne4 31. Qb2 Qc6 32. Kh2 Nc3 33. Ra7 Nd5 34. Bd2 Qc4
35. Qb7 Rf8 36. Ra8 Qe2 37. Rxf8+ Bxf8 38. Kg3 Qd3 39. Kh2 Qe2 40. Kg3 Ne7 41.
Be3 Nf5+ 42. Kh2 Nxe3 43. fxe3 Qxe3 44. d5 Qf4+ 45. Kh1 Qe4 46. Qc8 Qxd5 47. h4
g6 48. h5 gxh5 49. Qc1 Qe4 50. Qc8 Qf4 51. Qd8 Kg7 52. Qd3 Be7 53. Qe2 Bg5 54.
Ng1 Qg4 55. Qd3 Bf4 56. Nf3 h4 57. Qf1 Qg3 58. Qe2 h3 59. gxh3 Qxh3+ 60. Kg1
Qg3+ 61. Kf1 h5 62. Qe4 h4 63. Ng1 Bxe5 64. Ne2 Qg5 65. Ng1 Bf6 66. Nf3 Qg3 67.
Nd2 h3 68. Qh1 Bh4 0-1

[Event "Tata Steel Chess India 2024 - Blitz"]
[Site "Kolkata"]
[Date "17.11.2024"]
[Round "12B"]
[White "Carlsen, Magnus"]
[Black "So, Wesley"]
[Result "1/2-1/2"]
[WhiteTitle "GM"]
[BlackTitle "GM"]
[WhiteElo "2831"]
[BlackElo "2747"]
[WhiteFideId "1503014"]
[BlackFideId "5202213"]
[EventDate "2024.11.16"]

1. e4 e5 2. Nf3 Nc6 3. Bb5 Nf6 4. O-O Nxe4 5. Re1 Nd6 6. Nxe5 Be7 7. Bf1 Nxe5 8.
Rxe5 O-O 9. d4 Bf6 10. Re1 Re8 11. Bf4 Rxe1 12. Qxe1 Ne8 13. c3 d5 14. Nd2 Nd6
15. Qe3 Bf5 16. h3 c6 17. g4 Bg6 18. Re1 h6 19. Nf3 Be4 20. Ne5 Bg5 21. f3 Bxf4
22. Qxf4 Bh7 23. Bd3 Bxd3 24. Nxd3 Qc7 25. Nc5 Rd8 26. h4 b6 27. Nd3 Kf8 28. Ne5
Kg8 29. g5 hxg5 30. hxg5 Nc4 31. Kg2 Nxe5 32. Rxe5 Qd7 33. Qe3 Kf8 34. Kg3 Re8
35. Rxe8+ Qxe8 36. Qxe8+ Kxe8 37. Kf4 Kd7 38. Ke5 Ke7 39. a4 a6 40. b3 Kd7 41.
f4 Ke7 42. Kf5 Kd7 43. Kg4 Ke6 44. f5+ Kd6 45. Kh5 Ke7 46. b4 b5 47. a5 Kf8 48.
Kg4 Ke7 49. Kf4 Kd6 1/2-1/2

[Event "Tata Steel Chess India 2024 - Blitz"]
[Site "Kolkata"]
[Date "17.11.2024"]
[Round "12B"]
[White "Narayanan, S.L."]
[Black "Praggnanandhaa, Rameshbabu"]
[Result "1/2-1/2"]
[WhiteTitle "GM"]
[BlackTitle "GM"]
[WhiteElo "2647"]
[BlackElo "2737"]
[WhiteFideId "5058422"]
[BlackFideId "25059530"]
[EventDate "2024.11.16"]

1. d4 Nf6 2. Nf3 d5 3. c4 e6 4. Nc3 c6 5. Qd3 dxc4 6. Qxc4 b5 7. Qd3 a6 8. g4 c5
9. g5 c4 10. Qe3 Nd5 11. Nxd5 Qxd5 12. Bg2 Bb4+ 13. Kf1 Bb7 14. h4 Qf5 15. Bd2
Bxd2 16. Qxd2 Nd7 17. h5 h6 18. Bh3 Qd5 19. Rg1 Qd6 20. g6 f5 21. Bg2 O-O 22.
Qe3 Rad8 23. Ne5 Nxe5 24. Qxe5 Bxg2+ 25. Kxg2 Qc6+ 26. f3 f4 27. Rad1 Rd5 28.
Qe4 Qd6 29. Rh1 Rff5 30. Rh4 Kf8 31. Kf2 Ke7 32. Rd2 Kd7 33. Rd1 Kc7 34. Rd2 Kb6
35. Rd1 a5 36. e3 fxe3+ 37. Qxe3 Rxh5 38. Rxh5 Rxh5 39. d5+ Kb7 40. Qxe6 Qh2+
41. Kf1 Qh1+ 42. Kf2 Qh2+ 43. Kf1 Qh1+ 44. Kf2 Qh2+ 45. Kf1 Qh3+ 46. Kf2 Qh2+ 1/2-1/2

[Event "Tata Steel Chess India 2024 - Blitz"]
[Site "Kolkata"]
[Date "17.11.2024"]
[Round "12B"]
[White "Vidit, Santosh Gujrathi"]
[Black "Abdusattorov, Nodirbek"]
[Result "0-1"]
[WhiteTitle "GM"]
[BlackTitle "GM"]
[WhiteElo "2739"]
[BlackElo "2777"]
[WhiteFideId "5029465"]
[BlackFideId "14204118"]
[EventDate "2024.11.16"]

1. e4 e5 2. Nf3 Nc6 3. Bb5 Nf6 4. d3 Bc5 5. c3 d5 6. Nbd2 dxe4 7. dxe4 Qe7 8.
O-O O-O 9. b4 Bd6 10. a3 Nd8 11. Bd3 Bg4 12. Nc4 Bh5 13. Ne3 Bg6 14. Re1 a5 15.
Rb1 axb4 16. cxb4 c5 17. b5 Ne6 18. Nc4 Bh5 19. Be3 Nd4 20. Bxd4 cxd4 21. a4
Bxf3 22. Qxf3 Rxa4 23. Ra1 Rfa8 24. Rxa4 Rxa4 25. Qf5 g6 26. Qc8+ Kg7 27. Nxd6
Qxd6 28. Qxb7 Qb4 29. Rf1 Ra3 30. Be2 Ra2 31. Bf3 Rb2 32. Qc7 Qxb5 33. h3 d3 34.
Ra1 Rb1+ 35. Rxb1 Qxb1+ 36. Kh2 d2 37. Qd6 Qe1 38. Kg3 d1=Q 39. Qxd1 Nxe4+ 40.
Kh2 Qxd1 41. Bxd1 Nxf2 42. Bc2 e4 43. g4 Kf6 44. Kg3 Nd3 45. Bb3 e3 46. Bd1 Ke5
47. Kf3 Kd4 48. g5 Nc1 49. Ba4 e2 50. Kf2 Kd3 0-1

[Event "Tata Steel Chess India 2024 - Blitz"]
[Site "Kolkata"]
[Date "17.11.2024"]
[Round "12B"]
[White "Erigaisi, Arjun"]
[Black "Keymer, Vincent"]
[Result "1/2-1/2"]
[WhiteTitle "GM"]
[BlackTitle "GM"]
[WhiteElo "2799"]
[BlackElo "2733"]
[WhiteFideId "35009192"]
[BlackFideId "12940690"]
[EventDate "2024.11.16"]

1. e4 e5 2. Nf3 Nc6 3. Bc4 Nf6 4. Ng5 d5 5. exd5 Na5 6. Bb5+ c6 7. dxc6 bxc6 8.
Bd3 Nd5 9. Nf3 Bd6 10. O-O O-O 11. Re1 f5 12. Nxe5 Qf6 13. Nf3 g5 14. c4 Nf4 15.
Bf1 g4 16. c5 Bc7 17. d4 gxf3 18. Bxf4 Bxf4 19. Qxf3 Bc7 20. Qc3 Kh8 21. b4 Nb7
22. d5 cxd5 23. Qxf6+ Rxf6 24. Nc3 Be6 25. Nb5 Bf4 26. Rad1 Nd8 27. g3 Bh6 28.
Nc7 Rc8 29. Nxd5 Bxd5 30. Rxd5 Nc6 31. a3 Bf8 32. Rd7 a5 33. Rb7 axb4 34. axb4
f4 35. Bh3 Rd8 36. g4 f3 37. b5 Bxc5 38. bxc6 Rxc6 39. Rf7 Bb4 40. Rb1 Rf8 41.
Rxf8+ Bxf8 42. Rb3 Rf6 43. Bf1 Rg6 44. h3 Rf6 45. Bd3 Rf4 46. Rb7 h6 47. Bf5 Kg8
48. Kf1 h5 49. Be6+ Kh8 50. g5 Rd4 51. Bb3 Rb4 52. Rxb4 Bxb4 53. Bd5 h4 54. Bxf3
Be7 55. g6 Kg7 56. Be4 Kf6 57. Kg2 Kg7 58. Kf3 Bf6 59. Kg4 Be7 60. Kf5 Bf6 61.
f4 Bd8 62. Ke6 Bf6 63. f5 Bg5 1/2-1/2